000 00846nas a2200265 4500
001 BR0800083
003 BR-BrBNA
005 20231205111430.0
007 ta
008 230509b bl.|||p| |||| 00| 00por d
040 _aBR-BrBNA
_bpor
_cBiblioteca Nacional de Agricultura
041 _a(Pt)
072 _aL70
100 1 _aMonteiro, V.J.O.
100 1 _aTasca, W.A.
100 1 _aMartins, W.D.C.
100 1 _aSouza, M.I.L.
100 1 _aAlmeida, M.S.
245 1 _aConcentrações plasmáticas médias de fósforos em vacas de corte
_b7 Jornada de Medicina Veterinária
650 _aVACA DE CORTE
650 _aFÓSFORO
773 0 _tArquivos de Ciências Veterinárias e Zoologia da UNIPAR (Brazil)
_xISSN 1415-8167
_g(Jul-Dec 2002), v. 5(2) p. 319
_wBR0800083
909 _a202311
_bLúcia
_c55
_dLúcia Elande
942 _2AGRIS
_n0
_cANA
999 _c192694
_d192694